000 01268nam a22002657a 4500
005 20180824142028.0
010 _aHIN-84784 B-699104-110
020 _c300.00
_a9788188318787
035 _aHN-57130
035 _aB-699104-110
037 _bDBAD / PUB
082 _a133.323
100 _aमिश्र, रामेश्वर
245 _aसरल वास्तु शास्त्र /
_cरामेश्वर मिश्र
246 _aSaral Vastu Shastra
_bby Rameshvar Mishra
260 _aनई दिल्ली
_bसन शाइन बुक्स
_c2015
270 _a4760-61, द्वितीय तल, 23, अंसारी रोड, दरियागंज
_bनई दिल्ली
_e110002
300 _a140 पृ
_c22सेमी (सजिल्द)
650 _aवास्तुकला, हिन्दू
_zभारत
650 _aArchitecture, Hindu
_zIndia
650 _aवास्तु
_zभारत
650 _aVaastu
_zIndia
942 _2ddc
_cHN
_mमिश्ररा
_h133.323
999 _c18254
_d18254